A birka-iskola ; Biztatás

Bibliographic Details
Main Author: Weöres, Sándor, 1913-1989 (Author)
Format: Article
Language:Hungarian
Slovak
PhysicalDescription:Obr.
Subjects:

MARC

LEADER 00000nab a2200000 a 4500
001 vtls000777715
003 SK-MaSNL
005 20260302152830.0
008 160314c2001 xo 0 hun
015 |a SNBRB2001/12-36227 
035 |a CLN000129497 
040 |a SNKBUCL  |b slo  |c SNKBUCL  |e AACR2 
041 0 |a slo 
044 |a xo  |c SK 
080 |a 894.511-1(087.5)=945.11  |2 UDC-MRF-SK2 
100 1 |a Weöres, Sándor,  |d 1913-1989  |4 aut  |9 103329 
245 1 0 |a A birka-iskola ; Biztatás  |c Weöres Sándor 
300 |b Obr. 
650 0 7 |a naratívne básne, maďarské  |2 snkbucl  |9 71242 
773 0 |t Tücsök  |g Roč. 12, č. 3 (2001), s. 10 
850 |a Slovenská národná knižnica v Martine 
852 |a SNK  |b KIS3GCP 
958 |a HU 
958 |a DB 
958 |a LX 
958 |a RBX 
999 |c 1363617  |d 1365547